Personnages Genshin par image - Statistiques

Statistiques générales
  • Ce quiz a été pris 833 fois
    734 depuis la dernière actualisation
  • Le résultat moyen est 44 sur 50
Statistiques - réponses
Par images Réponse % Correct
Amber
96%
Diluc
96%
Lisa
96%
Venti
96%
Barbara
95%
Mona Magista
95%
Xiao
95%
Jean
94%
Noelle
94%
Qiqi
94%
Thomas
94%
Zhongli
94%
Razor
93%
Sucrose
93%
Albedo
92%
Bennett
92%
Fischl
92%
Hu Tao
92%
Kaedehara Kazuha
92%
Klee
92%
Shogun Raiden
92%
Tartaglia
92%
Beidou
91%
Kaeya
91%
Lumine
91%
Nomade
91%
Sangonomiya Kokomi
91%
Yae Miko
91%
Cyno
90%
Kamisato Ayaka
90%
Lynette
90%
Nahida
90%
Aether
89%
Collei
89%
Mika
89%
Nilou
89%
Rosalia
89%
Arataki Itto
88%
Diona
88%
Ganyu
88%
Kujou Sara
88%
Shenhe
88%
Yelan
88%
Gorou
87%
Kamisato Ayato
87%
Lyney
87%
Xiangling
87%
Aloy
86%
Dori
86%
Eula Lawrence
86%
Sayu
86%
Tighnari
86%
Candace
85%
Faruzan
85%
Kaveh
85%
Yanfei
85%
Keqing
84%
Yaoyao
84%
Dehya
83%
Freminet
83%
Layla
83%
Ningguang
83%
Baizhu
82%
Shikanoin Heizou
82%
Yun Jin
80%
Shinobu Kuki
79%
Yoimiya
79%
Chongyun
78%
Kirara
78%
Xingqiu
77%
Alhaitham
74%
Xinyan
73%
Aucun quiz correspondant
Distribution des résultats
% des personnes avec chaque résultat
Percentile par nombre de réponses
Votre historique - résultats
Vous n’avez pas pris ce quiz depuis la dernière actualisation